000 00432nam a22001457a 4500
020 _a818504662X
082 _a551.49
_bSCA
_cN-01, P-97
100 _aScalf, Marion R
_940307
245 _aManual of ground-water sampling procedures /
_cMarion R, Scalf.
260 _aIndia :
_bScientific Publishers, Jodhpur,
_c1987.
300 _axi, 93 p. :
526 _a0
_b0
_c0
_d551_490000000000000_SCA
650 _aMCE
_9379
942 _2ddc
_cBK
999 _c544630
_d544630